000 00491cam a22001457a 4500
999 _c508315
_d508315
008 180718b-- xxu||||| |||| 00| 0 eng d
082 _aL806x54521 F/1992-93
100 _aPuducherry. Finance Department
_93563
245 _aFinance accounts, Puducherry, 1992-93
_cby Finance Department
260 _aPuducherry
_bFinance Department
_c1993
300 _a147p.
500 _aState name changed from Pondicherry
650 _aFinance, Public - Auditing - India - Puducherry
_93564
942 _2ddc